| 000 | 00974nas a2200325 4500 | ||
|---|---|---|---|
| 001 | BR2014001014 | ||
| 003 | BR-BrBNA | ||
| 005 | 20231205123750.0 | ||
| 007 | ta | ||
| 008 | 230509b bl.|||p| |||| 00| 00por d | ||
| 040 |
_aBR-BrBNA _bpor _cBiblioteca Nacional de Agricultura |
||
| 041 | _a(En) | ||
| 072 | _aP33; P35 | ||
| 100 | 1 | _aBosco, T.C. dal | |
| 100 | 1 | _aSampaio, S.C. | |
| 100 | 1 | _aCoelho, S.R.M. | |
| 100 | 1 | _aCorrea, M.M. | |
| 100 | 1 | _aNetto, A.M. | |
| 100 | 1 | _aCosmann, N.J. | |
| 245 | 1 | _aThe influence of organic matter from swine wastewater on the interaction and transport of alachlor in soil | |
| 650 | _aPESTICIDA | ||
| 650 | _aMATERIA ORGANICA | ||
| 650 | _aSOLO | ||
| 650 | _aADSORÇÃO | ||
| 650 | _aESPECTROMETRIA | ||
| 650 | _aLIXIVIAÇÃO | ||
| 773 | 0 |
_tActa Scientiarum. Agronomy (Brazil) _xISSN 1679-9275 _g(Jul-Sep 2013), v. 35(3) p. 277-286 _wBR2014001014 |
|
| 909 |
_a202311 _bLúcia _c55 _dLúcia Elande |
||
| 942 |
_2AGRIS _n0 _cANA |
||
| 999 |
_c235597 _d235597 |
||